MDQL
is popping MORE tags! Check the
thread
!
Quizzes
Events
Quiz Creation
Community
Videos
Private Events
Remove Ads
Sign In
Join for FREE
Feedback
Dark Mode
Quiz Categories
Sports
Geography
Music
Movies
Television
Just For Fun
Miscellaneous
History
Literature
Language
Science
Gaming
Entertainment
Religion
Holiday
For Kids
Quiz Lab
Recent
Popular Today
Quiz Kudos Today
Editor Picks
Curator Picks
Quizzes by...
Day
Popularity
Type
Ratings
Length
Year
Community
Subscriptions
Recent Discussions
Orange Saloon
Badges
Playlists
Quests
Create
Leaderboards
Showdown
Live 5
Trivia Bingo
Activity
Puzzle Library
Sporcle Events
Private Events
Virtual Trivia
Globe League
Become a Host
Pub Owners
SporcleCon
Opinionation
Our Games
Videos
Blog
Mobile Apps
Partnerships
Remove Ads and Go Orange
Feedback
Geography
Country
Landmarks
City
State
Population
World
Capital
Continent
Flags
Europe
Africa
Asia
South America
North America
Oceania
Border
Canada
United Kingdom
Topography
United States
Geography
Country
Landmarks
City
State
Population
World
Capital
Continent
Flags
Europe
Africa
Asia
South America
North America
Oceania
Border
Canada
United Kingdom
Topography
United States
Random Quiz
Search Sporcle
×
Quiz Lab
Quiz Lab
Geography
World
Type in answers that appear in a list
Type in answers that appear in a list
Classic
Best Score? Go Orange.
Countries of the world - NO MAP Stats
Can you name the Countries of the world - NO MAP?
By
SporcleEXP
15m
198 Questions
20.1K Plays
20,097 Plays
20,097 Plays
Comments
Comments
Give Quiz Kudos
Give Quiz Kudos
-
- Ratings
hide this ad
Replay
Link that replays current quiz
Next Quiz
Link to next quiz in quiz playlist
You Got
0%
They Got
Avg Score
78%
Avg Friend Score
Upgrade to see
Score Distribution
Jump to the score distribution portion of the page
Score
0/198
Timer
15:00
6
Plays Today
Continent
Country
% Correct
South America
Brazil
91%
North America
United States of America
90.9%
North America
Canada
90.5%
South America
Argentina
90.4%
South America
Chile
90%
North America
Mexico
89.7%
South America
Peru
89.1%
South America
Uruguay
89%
South America
Paraguay
89%
South America
Colombia
88.6%
South America
Venezuela
88.3%
South America
Bolivia
88.2%
South America
Ecuador
87.9%
Europe
United Kingdom
87.6%
South America
Guyana
87.4%
Oceania
Australia
87.3%
Europe
Russia
87.1%
Asia
Russia
87.1%
South America
Suriname
87%
North America
Cuba
86.7%
North America
Panama
86.5%
Oceania
New Zealand
86.4%
Europe
France
86.3%
North America
Dominica
86.2%
North America
Haiti
86.2%
North America
Jamaica
86.1%
Europe
Germany
85.7%
North America
Dominican Republic
85.6%
Europe
Ireland
85.6%
Europe
Spain
85.5%
Europe
Sweden
85.5%
North America
Honduras
85.4%
North America
Costa Rica
85.1%
Europe
Finland
85%
North America
Guatemala
85%
Europe
Norway
85%
North America
Belize
84.9%
North America
Bahamas
84.8%
North America
El Salvador
84.8%
Europe
Portugal
84.8%
Europe
Iceland
84.8%
Europe
Italy
84.1%
North America
Nicaragua
84.1%
Europe
Poland
84%
Europe
Turkey
83.8%
Asia
Turkey
83.8%
Oceania
Fiji
83.5%
Europe
Latvia
83.4%
Europe
Denmark
83.4%
Europe
Estonia
83.3%
North America
Barbados
83.3%
Europe
Lithuania
83.1%
Europe
Belgium
83.1%
North America
Trinidad and Tobago
83%
North America
St Lucia
83%
North America
St Kitts and Nevis
83%
Europe
Netherlands
82.9%
Europe
Austria
82.9%
Europe
Andorra
82.9%
Europe
Ukraine
82.8%
Europe
Slovakia
82.8%
Europe
Greece
82.7%
Europe
Switzerland
82.5%
Europe
Vatican City
82.5%
Europe
Luxembourg
82.2%
Europe
Slovenia
82.2%
Continent
Country
% Correct
North America
St Vincent and the Grenadines
82.2%
Europe
Romania
82.1%
Asia
China
82%
Europe
Belarus
81.9%
Europe
Hungary
81.8%
Oceania
Papua New Guinea
81.7%
North America
Grenada
81.4%
Oceania
Marshall Islands
81.3%
Europe
Croatia
81.1%
Europe
Liechtenstein
81%
Europe
San Marino
81%
Europe
Serbia
80.9%
Europe
Monaco
80.9%
Europe
Albania
80.9%
North America
Antigua and Barbuda
80.8%
Europe
Bulgaria
80.8%
Oceania
Solomon Islands
80.7%
Europe
Malta
80.6%
Oceania
Samoa
80.5%
Asia
India
80.5%
Europe
Cyprus
80.4%
Oceania
Tonga
80.3%
Asia
Japan
80.1%
Europe
Kosovo
80.1%
Oceania
Micronesia
79.9%
Europe
Montenegro
79.7%
Asia
North Korea
79.6%
Asia
South Korea
79.5%
Oceania
Palau
79.5%
Europe
Moldova
79.3%
Oceania
Tuvalu
79.2%
Europe
Macedonia
79.1%
Europe
Bosnia and Herzegovina
79%
Asia
Pakistan
79%
Asia
Iran
78.9%
Asia
Indonesia
78.9%
Oceania
Vanuatu
78.8%
Europe
Czech Republic
78.8%
Asia
Iraq
78.8%
Asia
Israel
78.6%
Oceania
Nauru
78.6%
Oceania
Kiribati
78.4%
Asia
Afghanistan
78.2%
Asia
Oman
78%
Asia
Yemen
77.7%
Asia
Kazakhstan
77.6%
Africa
Egypt
77.4%
Asia
Turkmenistan
77.4%
Asia
Laos
77.2%
Asia
Vietnam
77.2%
Asia
Saudi Arabia
77%
Asia
UAE
76.7%
Asia
Thailand
76.7%
Asia
Malaysia
76.5%
Asia
Uzbekistan
76.4%
Africa
South Africa
76.3%
Asia
Mongolia
76.2%
Asia
Georgia
76.2%
Asia
Cambodia
76.2%
Asia
Nepal
76.1%
Asia
Qatar
76.1%
Asia
Jordan
76%
Asia
Armenia
75.9%
Asia
Tajikistan
75.8%
Africa
Algeria
75.7%
Asia
Syria
75.6%
Continent
Country
% Correct
Africa
Niger
75.4%
Asia
Taiwan
75.3%
Asia
Azerbaijan
75.3%
Asia
Bhutan
75.3%
Asia
Lebanon
75.3%
Asia
Singapore
75.2%
Africa
Libya
75.1%
Africa
Sudan
74.9%
Asia
Kyrgyzstan
74.9%
Africa
Nigeria
74.6%
Asia
Kuwait
74.5%
Africa
Morocco
74.2%
Asia
Sri Lanka
74.1%
Africa
Guinea
74.1%
Asia
Bahrain
74.1%
Africa
Chad
73.9%
Asia
Philippines
73.8%
Africa
Democratic republic of congo
73.8%
Asia
Bangladesh
73.8%
Africa
Kenya
73.4%
Asia
Brunei
73.3%
Asia
Myanmar
73.2%
Africa
Ghana
72.9%
Africa
Central african republic
72.9%
Asia
Maldives
72.8%
Africa
Lesotho
72.8%
Africa
Togo
72.8%
Africa
Ethiopia
72.8%
Africa
Mali
72.7%
Africa
Zimbabwe
72.6%
Africa
Tunisia
72.6%
Africa
Angola
72.3%
Africa
Rwanda
72.4%
Africa
Zambia
72.4%
Africa
Madagascar
71.6%
Africa
Uganda
71.6%
Africa
Somalia
71.6%
Africa
Namibia
71.6%
Africa
Guinea Bissau
71.4%
Africa
Eritrea
71.4%
Asia
Timor Leste
71.4%
Africa
The Gambia
71.4%
Africa
Mauritania
71.3%
Africa
Djibouti
71.3%
Africa
Liberia
71%
Africa
Benin
71%
Africa
Republic of congo
70.9%
Africa
Tanzania
70.7%
Africa
Senegal
70.7%
Africa
Seychelles
70.5%
Africa
Mauritius
70.1%
Africa
Cameroon
70.1%
Africa
Cote d'ivoire
70.1%
Africa
Burundi
69.9%
Africa
Equatorial Guinea
69.9%
Africa
Mozambique
69.9%
Africa
Botswana
69.8%
Africa
Gabon
69.7%
Africa
South Sudan
69.5%
Africa
Comoros
69.2%
Africa
Malawi
69.2%
Africa
Sierra Leone
68.5%
Africa
Burkina Faso
67.6%
Africa
Swaziland
67.1%
Africa
Sao tome and principe
66.6%
Africa
Cape Verde
64.2%
Quiz Playlist
Details
Report
Send in Message
Add To Playlist
Classic:
Type in answers that appear in a list
Last Updated: Aug 23, 2017
Quiz Scoreboard
CHALLENGE
Sign Up to Join the Scoreboard
Show All
Scores
Hide
Comments
May contain spoilers
Recently Published
Street Fighter Characters
by Artimus82
Gaming
60s
9x9 Crossword: Cartoon Network
by jackfrog10
Miscellaneous
3m
College Basketball Coaching Resumes
by pancakes188
Sports
9m
More to Explore
Quiz From the Vault
Featured Blog Post
Where Did the Easter Bunny Come From?
hide this ad
You Might Also Like...
Tags
Continent Quiz
Country Quiz
World Quiz
map
Today's Top Quizzes in Geography
Browse Geography
hide this ad
Today's Top Quizzes in World
Browse World
Top Contributed Quizzes in Geography
1
Countries of the World - No Outlines Minefield
2
Top 25 Cities of France on a map
3
Any capital of a 'B' country per Continent
4
Any capital of a 'C' country per Continent
5
Closest Countries to UK A-Z
6
Any capital of a 'D' country per Continent
7
5-to-1: US Geography No Hints
8
Any capital of an 'E' country per Continent
9
Find the US States - No Outlines
10
Any capital of an 'F' country per Continent
Explore More
Trending Topics
Kpop
NBA
Anime
Disney
Marvel
Harry Potter
Crossword
NFL
WWE
Pokémon
The Office
Country
Song
Soccer
Puzzle
hide this ad
More By:
SporcleEXP
Quiz
Plays
Rating
Category
Featured
Created
Harry Potter Deaths in Order Minefield
3,068,550
4.18
Literature
Jan 27, 2016
Sins, Dwarfs, and Spice Girls
847,288
4.42
Just For Fun
Apr 11, 2012
Ancient History Bunker
708,207
4.28
History
Jan 20, 2014
Movie Posters VI
679,055
4.37
Movies
Nov 12, 2010
Movie Posters VII
621,880
4.44
Movies
Apr 16, 2011
Go to Creator's Profile
Score Distribution
Quiz Creator Spotlight
SporcleEXP
Follow
Send a Message
Quizzes Created
-
Created Quiz Play Count
-
More By This Creator
Popular Quizzes Today
1
Find the US States - No Outlines Minefield
2
Find the Countries of Europe - No Outlines Minefield
3
The Countries of the World
4
Find the US States
5
Risky Map Clicking: Biggest States A-Z
6
US States
7
Popular People in 1961
8
Movies - When Are They Set?
More Geography Quizzes
World by Any 2 Letters Blitz (no A or R)
Quiz Lab
Trending Quizzes
Risky Map Clicking: Least Populous States A-Z
Countries of the World: 200 Million BC
1-10 Letter G Words
Risky Map Clicking: Next State Alphabetically
Adjectives in 80s TV Shows
Recently Updated
Leaping Animals
pecheneg
Reality TV Shows (A-Z)
bhenderson79
Rickey Henderson's Hall of Fame Teammates
pecheneg
Champions League XIs: Arsenal
pecheneg
Quick Pick: Celebrities in WWE's Hall of Fame
aduchscher
A-Z Keypad Blitz II
pecheneg
Multiple Oscar Actors
pecheneg
Mystery Phrase Blitz: Oscar 'Best Actors'
pecheneg
F. Scott Fitzgerald Novels
LTH
Pick 3 Villains
ddd62291
Trending Topics
NBA
Disney
Anime
Kpop
Marvel
Harry Potter
Crossword
WWE
Soccer
The Office
Pokémon
Song
NFL
Country
Puzzle
Your Account Isn't Verified!
In order to create a playlist on Sporcle, you need to verify the email address you used during registration. Go to your
Sporcle Settings
to finish the process.
Report this User
Report this user for behavior that violates our
Community Guidelines
.
Details:
Send Report
Go to the Sporcle.com Mobile Site →
Comments